000 01179cam a2200217 4500
001 J122478
008 030530n2003 000 0 eng u
035 _a(Sirsi) u122478
041 _aeng
050 _a333.332
_c18
110 _aUnited Kingdom
_bOffice of the Deputy Prime Minister
245 4 _aThe potential impact of the home information pack in low demand low value housing markets
260 _aLondon
_bODPM
_c2003
520 _aConsiders the impact of the proposed home information packs (HIPs) on the buying and selling of low value properties. The report concludes that, within the context of these collapsed housing markets, the introduction of the HIP is largely insignificant. The report forms a part of the OPDM home buying and selling policy website which outlines the development of the Housing Bill and HIPs. View at www.dclg.gov.uk.
650 _aHOME INFORMATION PACKS
650 _aPROPERTY-RESIDENTIAL PROPERTY-ACQUISITION AND DISPOSAL OF RESIDENTIAL PROPERTY
650 _aLOW VALUE PROPERTY
690 _aPROPERTY-RESIDENTIAL PROPERTY-RESIDENTIAL PROPERTY MARKET
856 _uhttps://www.communities.gov.uk/index.asp?id=1155619
942 _n0
999 _c102853
_d102853